000 00484 a2200169 4500
003 OSt
005 20240117122236.0
008 240117b |||||||| |||| 00| 0 eng d
040 _coclc
082 _a956.95
_bNIY/H
100 _aNiyaz, P K
_92064
245 _aHamas Samaravum Sandheshavum /
_cP.K. Niyaz
250 _a1st ed.
260 _aKozhikode:
_bIslamic Publishing House,
_c2012.
300 _a296p.
942 _2ddc
_cBK
_h956.95
_iNIY/H
_k956.95
_mNIY/H
999 _c43228
_d43228